| 000 | 00822pam a2200313 i 4500 | ||
|---|---|---|---|
| 999 |
_c6076 _d6076 |
||
| 001 | 017603100 | ||
| 003 | Uk | ||
| 005 | 20260204150609.0 | ||
| 008 | 150915s2016 enk j 000|1|eng|d | ||
| 015 |
_aGBB5F8327 _2bnb |
||
| 020 | _a9781481463652 | ||
| 040 |
_aStDuBDS _beng _cStDuBDS _dUk _dKH8 _erda |
||
| 042 | _aukblcatcopy | ||
| 082 | _aFIC BIR | ||
| 100 | 1 |
_aBirchall, Katy, _eauthor. |
|
| 245 | 1 | 0 |
_aTeam awkward / _cKaty Birchall. |
| 264 | 1 |
_aLondon : _bEgmont, _c2016. |
|
| 300 |
_a303 pages ; _c20 cm. |
||
| 336 |
_atext _2rdacontent |
||
| 337 |
_aunmediated _2rdamedia |
||
| 338 |
_avolume _2rdacarrier |
||
| 490 | 0 | _aThe It Girl | |
| 500 |
_aFormerly CIP. _5Uk |
||
| 521 | 1 | _a11+. | |
| 530 | _aAlso issued online. | ||
| 655 | 0 | _aHumorous stories. | |
| 655 | 0 | _aYoung adult fiction. | |
| 942 |
_2ddc _cFIC |
||